[Event "11th Capablanca Memorial"]
[Site "Camaguey CUB"]
[Date "1974.??.??"]
[Round "1"]
[White "Pfleger, Helmut"]
[Black "Ribli, Zoltan"]
[Result "1/2-1/2"]
[WhiteElo "2520"]
[BlackElo "2525"]
[EventDate "1974.03.15"]
[PlyCount "43"]

1.d4 Nf6 2.Nf3 g6 3.g3 Bg7 4.Bg2 O-O 5.O-O d6 6.c4 Nc6 7.Nc3 a6 8.Re1 Rb8 
9.h3 b5 10.cxb5 axb5 11.e4 e6 12.d5 Ne7 13.a3 b4 14.axb4 Rxb4 15.Ra3 exd5 
16.exd5 Qd7 17.Ra5 Bb7 18.Qd3 Ra8 19.Rxa8+ Bxa8 20.Nd2 h5 21.Nf1 Nf5 22.
Ne3 1/2-1/2

[Event "11th Capablanca Memorial"]
[Site "Camaguey CUB"]
[Date "1974.??.??"]
[Round "1"]
[White "Parma, Bruno"]
[Black "Rossetto, Hector Decio"]
[Result "1/2-1/2"]
[WhiteElo "2500"]
[BlackElo "2435"]
[EventDate "1974.03.15"]
[PlyCount "55"]

1.e4 c6 2.d4 d5 3.Nc3 g6 4.h3 dxe4 5.Nxe4 Bg7 6.Nf3 Nd7 7.Bc4 Ngf6 8.Nxf6+
Nxf6 9.O-O O-O 10.Re1 Bf5 11.Bf4 Be4 12.Ne5 Bd5 13.Bf1 b5 14.c3 Nd7 15.Nd3
Re8 16.Qd2 Qb6 17.Bh6 Bh8 18.Bf4 Rad8 19.Qe3 Bg7 20.Qg3 Rc8 21.Qh4 f6 22.
Qg4 Qb7 23.Be3 e5 24.dxe5 Nxe5 25.Nxe5 Rxe5 26.Bf4 Rxe1 27.Rxe1 Rd8 28.a3 
1/2-1/2

[Event "11th Capablanca Memorial"]
[Site "Camaguey CUB"]
[Date "1974.??.??"]
[Round "1"]
[White "Gufeld, Eduard"]
[Black "Schmidt, Wlodzimierz"]
[Result "0-1"]
[WhiteElo "2500"]
[BlackElo "2455"]
[EventDate "1974.03.15"]
[PlyCount "86"]

1.e4 c5 2.Nf3 e6 3.Nc3 a6 4.g3 Nc6 5.Bg2 d6 6.O-O Nf6 7.d4 cxd4 8.Nxd4 Bd7
9.Nde2 Be7 10.h3 O-O 11.g4 b5 12.a3 Rb8 13.Ng3 a5 14.g5 Ne8 15.f4 b4 16.
Nce2 bxa3 17.Rxa3 Nc7 18.Nh5 d5 19.Rg3 g6 20.f5 gxh5 21.Nf4 h4 22.Rg4 Ne5 
23.Rxh4 Bxg5 24.Rh5 f6 25.h4 Bxf4 26.Bxf4 Be8 27.Rh6 exf5 28.exf5 Kh8 29.
Re1 Rb4 30.Rxf6 Nf7 31.Bg5 Qd7 32.c3 Rxb2 33.Rfe6 Nxg5 34.Re7 Qxf5 35.Qd4+
Qf6 36.hxg5 Qxd4+ 37.cxd4 Rc2 38.Bf1 Bg6 39.Rd7 Re8 40.Rb1 Ne6 41.Rxd5 Rd2
42.Re5 Bxb1 43.d5 Ng7 0-1

[Event "11th Capablanca Memorial"]
[Site "Camaguey CUB"]
[Date "1974.??.??"]
[Round "1"]
[White "Cobo Arteaga, Eldis"]
[Black "Pinal Borges, Nelson"]
[Result "1/2-1/2"]
[WhiteElo "2395"]
[BlackElo "2310"]
[EventDate "1974.03.15"]
[PlyCount "43"]

1.Nf3 f5 2.d4 Nf6 3.g3 g6 4.Bg2 Bg7 5.O-O O-O 6.c4 c6 7.Nc3 d6 8.d5 e5 9.
dxe6 Bxe6 10.Qd3 Na6 11.Bf4 Qa5 12.Rac1 Rad8 13.b3 d5 14.Qe3 Ne4 15.cxd5 
cxd5 16.Nd4 Bf7 17.Ncb5 Rfe8 18.Rfd1 Rd7 19.a3 Qd8 20.h4 Nac5 21.b4 Nf6 
22.Qf3 1/2-1/2

[Event "11th Capablanca Memorial"]
[Site "Camaguey CUB"]
[Date "1974.??.??"]
[Round "1"]
[White "Garcia Martinez, Silvino"]
[Black "Fernandez Gonzalez, Juan Carlos"]
[Result "1/2-1/2"]
[WhiteElo "2450"]
[BlackElo "2435"]
[EventDate "1974.03.15"]
[PlyCount "27"]

1.d4 Nf6 2.c4 e6 3.Nc3 Bb4 4.e3 c5 5.Bd3 d5 6.Nf3 O-O 7.O-O dxc4 8.Bxc4 
Bd7 9.Qe2 Bc6 10.Rd1 Qe7 11.Ne5 Rd8 12.Bb3 Ba5 13.Ba4 Bxc3 14.Bxc6 1/2-1/2

[Event "11th Capablanca Memorial"]
[Site "Camaguey CUB"]
[Date "1974.??.??"]
[Round "1"]
[White "Estevez Morales, Guillermo"]
[Black "Vasiukov, Evgeny"]
[Result "0-1"]
[WhiteElo "2345"]
[BlackElo "2560"]
[EventDate "1974.03.15"]
[PlyCount "104"]

1.e4 e5 2.Nf3 Nc6 3.Bb5 a6 4.Ba4 Nf6 5.O-O Be7 6.Re1 b5 7.Bb3 O-O 8.c3 d6 
9.h3 Na5 10.Bc2 c5 11.d4 Nc6 12.Nbd2 Qb6 13.d5 Na5 14.Nf1 Bd7 15.b3 c4 16.
b4 Nb7 17.Be3 Qc7 18.N3h2 a5 19.a3 Ra6 20.f4 Rc8 21.Rc1 axb4 22.axb4 Ra3 
23.Bb1 exf4 24.Bxf4 g6 25.Ng3 Ne8 26.Nf3 f6 27.Nd4 Nd8 28.h4 Nf7 29.h5 Ne5
30.hxg6 hxg6 31.Rf1 Ng7 32.Qd2 Kh7 33.Rcd1 Rh8 34.Nc2 Ra6 35.Be3 Bg4 36.
Rde1 Nd3 37.Nd4 Nxe1 38.Qxe1 Qd7 39.Qf2 Kg8 40.e5 dxe5 41.Nc6 Rxc6 42.dxc6
Qe8 43.Bc5 f5 44.Bxe7 Qxe7 45.Qb6 Qh4 46.Qb8+ Kh7 47.Qxe5 Re8 48.Qf4 Qh6 
49.Ne4 fxe4 50.Qxg4 Qe3+ 51.Rf2 Nf5 52.c7 Qe1+ 0-1

[Event "11th Capablanca Memorial"]
[Site "Camaguey CUB"]
[Date "1974.??.??"]
[Round "1"]
[White "Spasov, Luben"]
[Black "Knaak, Rainer"]
[Result "0-1"]
[WhiteElo "2470"]
[BlackElo "2475"]
[EventDate "1974.03.15"]
[PlyCount "90"]

1.Nf3 g6 2.d4 d6 3.c4 Bg7 4.Nc3 Nd7 5.e4 e5 6.Be2 c6 7.Be3 Nh6 8.O-O O-O 
9.Qc2 Ng4 10.Bg5 Qe8 11.d5 f6 12.dxc6 bxc6 13.Bd2 f5 14.h3 Nh6 15.Rad1 f4 
16.b4 Nf7 17.c5 dxc5 18.Na4 Qe7 19.a3 g5 20.Rc1 h5 21.Nh2 Nf6 22.Qxc5 Qe8 
23.f3 g4 24.hxg4 hxg4 25.Rfd1 Be6 26.Bc4 gxf3 27.gxf3 Rc8 28.Bxe6 Qxe6 29.
Qc4 Qh3 30.Nc5 Kh8 31.Qf1 Qh5 32.Bc3 Rg8 33.Kh1 Bh6 34.Rd2 Rg3 35.Nd7 Nxd7
36.Rxd7 Rcg8 37.Rd2 Rh3 38.Bb2 Rgg3 39.Rf2 Bg7 40.Rxc6 Rxf3 41.Qe2 Rxf2 
42.Qxf2 Qd1+ 43.Qg1 Qe2 44.Rc3 f3 45.Bc1 Qg2+ 0-1

[Event "11th Capablanca Memorial"]
[Site "Camaguey CUB"]
[Date "1974.??.??"]
[Round "1"]
[White "Andersson, Ulf"]
[Black "Garcia Gonzales, Guillermo"]
[Result "0-1"]
[WhiteElo "2555"]
[BlackElo "2470"]
[EventDate "1974.03.15"]
[PlyCount "80"]

1.Nf3 Nf6 2.c4 g6 3.g3 Bg7 4.Bg2 O-O 5.Nc3 d5 6.cxd5 Nxd5 7.O-O c5 8.Nxd5 
Qxd5 9.d3 Nc6 10.Be3 Bd7 11.a3 Qh5 12.Rc1 b6 13.Qd2 Rac8 14.Rc4 Bf6 15.b4 
cxb4 16.axb4 Ne5 17.Nxe5 Qxe5 18.Rfc1 Qb8 19.h4 Be6 20.Rc6 Bd7 21.Rxc8 
Rxc8 22.Bf4 Be5 23.Rxc8+ Bxc8 24.Bxe5 Qxe5 25.d4 Qb5 26.e4 h5 27.Bf1 Qa4 
28.Qc3 Bg4 29.f3 Bd7 30.d5 a5 31.bxa5 bxa5 32.Qc5 Qd1 33.Kf2 Qd2+ 34.Be2 
a4 35.Qa7 Be8 36.Qc5 Qb2 37.Ke3 a3 38.Bc4 Qc3+ 39.Kf4 a2 40.Qxe7 Qd2+ 0-1

[Event "11th Capablanca Memorial"]
[Site "Camaguey CUB"]
[Date "1974.??.??"]
[Round "2"]
[White "Parma, Bruno"]
[Black "Pinal Borges, Nelson"]
[Result "1/2-1/2"]
[WhiteElo "2500"]
[BlackElo "2310"]
[EventDate "1974.03.15"]
[PlyCount "25"]

1.e4 d6 2.d4 Nf6 3.Nc3 g6 4.Be2 Bg7 5.Nf3 O-O 6.O-O Nc6 7.Be3 e5 8.dxe5 
dxe5 9.Qxd8 Rxd8 10.Rad1 Bg4 11.Rxd8+ Rxd8 12.Rd1 Rxd1+ 13.Bxd1 1/2-1/2

[Event "11th Capablanca Memorial"]
[Site "Camaguey CUB"]
[Date "1974.??.??"]
[Round "2"]
[White "Schmidt, Wlodzimierz"]
[Black "Andersson, Ulf"]
[Result "0-1"]
[WhiteElo "2455"]
[BlackElo "2555"]
[EventDate "1974.03.15"]
[PlyCount "81"]

1.Nf3 Nf6 2.c4 b6 3.g3 Bb7 4.Bg2 c5 5.O-O g6 6.d3 Bg7 7.e4 O-O 8.Nc3 Nc6 
9.Nh4 Ne8 10.f4 e6 11.Be3 f5 12.Qd2 d6 13.Nf3 Nf6 14.Kh1 d5 15.exd5 exd5 
16.Ne5 Na5 17.d4 Ne4 18.Nxe4 dxe4 19.Qc3 cxd4 20.Bxd4 Qc7 21.Rac1 Nc6 22.
Nxc6 Bxc6 23.Rfd1 Rfd8 24.Bxg7 Qxg7 25.Qxg7+ Kxg7 26.b4 Ba4 27.Rxd8 Rxd8 
28.Kg1 Rd2 29.a3 Kf6 30.Bf1 Bc2 31.c5 bxc5 32.bxc5 Ke6 33.Bc4+ Kd7 34.Bg8 
Bd1 35.Bxh7 Bf3 36.Re1 Rg2+ 37.Kf1 Rxh2 38.Bxg6 Bg4 39.Re3 Rc2 40.Rb3 Kc7 
41.Bf7 0-1

[Event "11th Capablanca Memorial"]
[Site "Camaguey CUB"]
[Date "1974.??.??"]
[Round "2"]
[White "Pfleger, Helmut"]
[Black "Spasov, Luben"]
[Result "1-0"]
[WhiteElo "2520"]
[BlackElo "2470"]
[EventDate "1974.03.15"]
[PlyCount "82"]

1.e4 c5 2.Nf3 d6 3.Be2 Nc6 4.c3 Nf6 5.d4 e6 6.Nbd2 Be7 7.O-O O-O 8.Re1 
cxd4 9.cxd4 e5 10.d5 Nb8 11.h3 a5 12.Bb5 Na6 13.a4 Nd7 14.Nc4 Ndc5 15.Ra3 
f5 16.exf5 Bxf5 17.Be3 b6 18.Ncd2 Nb4 19.Bxc5 bxc5 20.Ne4 h6 21.Nfd2 Kh8 
22.Nc4 Bh7 23.Re2 Rf4 24.Rae3 Bg6 25.g3 Rf8 26.Rd2 Bg5 27.Nxg5 hxg5 28.Rc3
Ra7 29.Ne3 Raf7 30.Qg4 Kh7 31.Bf1 e4 32.Bg2 Re8 33.Rc4 Qe7 34.h4 Kh6 35.h5
Bxh5 36.Nf5+ Rxf5 37.Qxf5 Nd3 38.Rxe4 Ne5 39.f4 Bg4 40.fxg5+ Qxg5 41.Qf4 
Bf5 1-0

[Event "11th Capablanca Memorial"]
[Site "Camaguey CUB"]
[Date "1974.??.??"]
[Round "2"]
[White "Garcia Gonzales, Guillermo"]
[Black "Estevez Morales, Guillermo"]
[Result "1-0"]
[WhiteElo "2470"]
[BlackElo "2345"]
[EventDate "1974.03.15"]
[PlyCount "63"]

1.c4 c5 2.Nc3 g6 3.g3 Bg7 4.Bg2 Nc6 5.e3 e6 6.Nge2 Nge7 7.O-O O-O 8.Nf4 d6
9.a3 a6 10.Rb1 Rb8 11.b4 cxb4 12.axb4 b5 13.cxb5 axb5 14.Qb3 d5 15.Nd3 Qb6
16.Nc5 d4 17.N3e4 e5 18.d3 Bf5 19.Nd6 Rbd8 20.Nxf5 Nxf5 21.Ra1 Nb8 22.e4 
Ne7 23.Bh3 Nec6 24.Bg5 Rd6 25.f4 h6 26.fxe5 Nxe5 27.Be7 h5 28.Ra8 Qc7 29.
Bxf8 Bxf8 30.Be6 Rd8 31.Bxf7+ Nxf7 32.Ne6 1-0

[Event "11th Capablanca Memorial"]
[Site "Camaguey CUB"]
[Date "1974.??.??"]
[Round "2"]
[White "Vasiukov, Evgeny"]
[Black "Garcia Martinez, Silvino"]
[Result "1-0"]
[WhiteElo "2560"]
[BlackElo "2450"]
[EventDate "1974.03.15"]
[PlyCount "75"]

1.e4 c5 2.Nf3 d6 3.Nc3 Nc6 4.d4 cxd4 5.Nxd4 g6 6.Nd5 Bg7 7.Nb5 Rb8 8.c4 a6
9.Nbc3 e6 10.Ne3 b5 11.cxb5 axb5 12.a4 bxa4 13.Nc4 Bd4 14.Qxa4 Ne7 15.Nb5 
Bc5 16.Bh6 Bb4+ 17.Nc3 Bb7 18.Rd1 Nc8 19.h4 f6 20.Be2 Kf7 21.O-O Re8 22.
Nb5 Qe7 23.Bd2 d5 24.exd5 exd5 25.Bxb4 Nxb4 26.Rfe1 Qf8 27.Ne3 Bc6 28.Rc1 
Re4 29.Qa5 Qe7 30.Nc3 Ra8 31.Qxa8 Bxa8 32.Nxe4 Nb6 33.Nc5 Kg7 34.Bb5 Qd6 
35.Ng4 Na2 36.Ne6+ Kg8 37.Nh6+ Kh8 38.Nf7+ 1-0

[Event "11th Capablanca Memorial"]
[Site "Camaguey CUB"]
[Date "1974.??.??"]
[Round "2"]
[White "Knaak, Rainer"]
[Black "Cobo Arteaga, Eldis"]
[Result "1-0"]
[WhiteElo "2475"]
[BlackElo "2395"]
[EventDate "1974.03.15"]
[PlyCount "57"]

1.d4 Nf6 2.c4 c5 3.d5 g6 4.Nc3 Bg7 5.e4 d6 6.Bd3 O-O 7.Nge2 e6 8.O-O exd5 
9.cxd5 Na6 10.h3 Nc7 11.a4 b6 12.Bg5 Qe8 13.f4 h6 14.Bh4 Ba6 15.Kh1 Rc8 
16.Qd2 Bxd3 17.Qxd3 c4 18.Qf3 Nd7 19.Rad1 Nc5 20.e5 dxe5 21.f5 e4 22.Qe3 
gxf5 23.Ng3 f4 24.Rxf4 Nd3 25.Rxe4 Qd7 26.Nh5 Nxd5 27.Qg3 f5 28.Re7 Rf7 
29.Rxd7 1-0

[Event "11th Capablanca Memorial"]
[Site "Camaguey CUB"]
[Date "1974.??.??"]
[Round "2"]
[White "Rossetto, Hector Decio"]
[Black "Gufeld, Eduard"]
[Result "1/2-1/2"]
[WhiteElo "2435"]
[BlackElo "2500"]
[EventDate "1974.03.15"]
[PlyCount "44"]

1.d4 Nf6 2.Nc3 d5 3.Bg5 Nbd7 4.f3 c6 5.e4 dxe4 6.fxe4 e5 7.dxe5 Qa5 8.Bxf6
gxf6 9.e6 fxe6 10.Bc4 Bb4 11.Ne2 Ne5 12.Bb3 Rg8 13.a3 Bxc3+ 14.Nxc3 Rxg2 
15.Qh5+ Rg6 16.Qh3 Ng4 17.O-O-O Nf2 18.Qxh7 Qg5+ 19.Kb1 Rg7 20.Qh8+ Rg8 
21.Qh7 Rg7 22.Qh8+ Rg8 1/2-1/2

[Event "11th Capablanca Memorial"]
[Site "Camaguey CUB"]
[Date "1974.??.??"]
[Round "3"]
[White "Gufeld, Eduard"]
[Black "Pinal Borges, Nelson"]
[Result "1-0"]
[WhiteElo "2500"]
[BlackElo "2310"]
[EventDate "1974.03.15"]
[PlyCount "41"]

1.e4 e5 2.Nf3 Nc6 3.Bb5 a6 4.Ba4 Nf6 5.O-O b5 6.Bb3 Be7 7.d4 d6 8.dxe5 
Nxe5 9.Nxe5 dxe5 10.Qe2 c5 11.c4 O-O 12.Nc3 b4 13.Nd5 Nd7 14.Rd1 Bg5 15.
Be3 a5 16.Ba4 Bxe3 17.Qxe3 Kh8 18.Bb5 f5 19.exf5 Qh4 20.Bxd7 Bxd7 21.Nb6 
1-0

[Event "11th Capablanca Memorial"]
[Site "Camaguey CUB"]
[Date "1974.??.??"]
[Round "3"]
[White "Spasov, Luben"]
[Black "Ribli, Zoltan"]
[Result "0-1"]
[WhiteElo "2470"]
[BlackElo "2525"]
[EventDate "1974.03.15"]
[PlyCount "64"]

1.d4 Nf6 2.c4 g6 3.d5 b5 4.cxb5 a6 5.e3 Bg7 6.Nc3 O-O 7.Nf3 Bb7 8.Be2 axb5
9.Bxb5 Nxd5 10.Nxd5 Bxd5 11.Qxd5 c6 12.Bxc6 Nxc6 13.O-O Qc7 14.Rd1 d6 15.
Qc4 Qb7 16.a3 Rfc8 17.Qe2 Na5 18.Nd4 e5 19.Nb5 Ra6 20.e4 Rb6 21.Nc3 Nb3 
22.Be3 Nd4 23.Qg4 h5 24.Qh4 Rxb2 25.Nd5 Rc4 26.Qd8+ Kh7 27.Nf6+ Bxf6 28.
Qxf6 Ne2+ 29.Kf1 Rxe4 30.h4 Rxe3 31.Rxd6 Rh3 32.f3 Ng3+ 0-1

[Event "11th Capablanca Memorial"]
[Site "Camaguey CUB"]
[Date "1974.??.??"]
[Round "4"]
[White "Garcia Gonzales, Guillermo"]
[Black "Fernandez Gonzalez, Juan Carlos"]
[Result "1/2-1/2"]
[WhiteElo "2470"]
[BlackElo "2435"]
[EventDate "1974.03.15"]
[PlyCount "84"]

1.d4 Nf6 2.c4 g6 3.Nc3 Bg7 4.e4 d6 5.Be2 O-O 6.Bg5 c5 7.dxc5 Qa5 8.Bd2 
Qxc5 9.Nf3 Bg4 10.O-O Bxf3 11.Bxf3 Nc6 12.Qa4 Nd4 13.Bd1 Rfc8 14.Be3 e5 
15.Nd5 Nxd5 16.cxd5 Qc4 17.Qa3 Nb5 18.Qa5 a6 19.a4 Nd4 20.Rc1 Qd3 21.Rxc8+
Rxc8 22.Qb6 Qxe4 23.Qxb7 Rf8 24.a5 Nf5 25.Bb6 Qd3 26.Bg4 Nd4 27.Bc7 h5 28.
Bd1 Nf5 29.Qb3 Qd2 30.Bb6 Rc8 31.Qa4 Qxb2 32.Qd7 Rc3 33.Bxh5 Nd4 34.Bd1 
Bf8 35.f4 Qb5 36.Qxb5 Nxb5 37.Be2 Nc7 38.fxe5 dxe5 39.Rd1 Bd6 40.g4 Rc2 
41.Kf1 Kf8 42.h4 f5 1/2-1/2

[Event "11th Capablanca Memorial"]
[Site "Camaguey CUB"]
[Date "1974.??.??"]
[Round "4"]
[White "Rossetto, Hector Decio"]
[Black "Estevez Morales, Guillermo"]
[Result "1-0"]
[WhiteElo "2435"]
[BlackElo "2345"]
[EventDate "1974.03.15"]
[PlyCount "53"]

1.Nf3 c5 2.e3 g6 3.d4 Bg7 4.Nbd2 b6 5.c3 d6 6.Bb5+ Bd7 7.a4 Nf6 8.O-O O-O 
9.Re1 a6 10.Bf1 Nc6 11.e4 e5 12.dxc5 dxc5 13.Nc4 Qc7 14.Bg5 Be6 15.Qc2 Nd7
16.Qd2 f6 17.Bh4 Rfd8 18.Ne3 Ne7 19.Red1 Nf8 20.Qc2 Qb7 21.Bc4 Kh8 22.Qb3 
Bxc4 23.Nxc4 Rxd1+ 24.Rxd1 Nc8 25.Rd8 Qxe4 26.Ncd2 Qb7 27.Bxf6 1-0

[Event "11th Capablanca Memorial"]
[Site "Camaguey CUB"]
[Date "1974.??.??"]
[Round "4"]
[White "Schmidt, Wlodzimierz"]
[Black "Garcia Martinez, Silvino"]
[Result "1/2-1/2"]
[WhiteElo "2455"]
[BlackElo "2450"]
[EventDate "1974.03.15"]
[PlyCount "55"]

1.Nf3 c5 2.c4 g6 3.d4 Nf6 4.Nc3 Bg7 5.e4 Qa5 6.Bd3 d6 7.O-O Bg4 8.d5 Nbd7 
9.Be2 O-O 10.h3 Bxf3 11.Bxf3 Ne8 12.Bg5 Bf6 13.Bh6 Ng7 14.Qc2 Rfe8 15.Rac1
a6 16.a4 Nb6 17.Be2 Bxc3 18.bxc3 Qxa4 19.Qxa4 Nxa4 20.Bd2 Reb8 21.Rb1 Ne8 
22.Rb3 Nc7 23.Rfb1 b6 24.Kf1 b5 25.cxb5 c4 26.Rb4 axb5 27.Bxc4 Nc5 28.Be2 
1/2-1/2

[Event "11th Capablanca Memorial"]
[Site "Camaguey CUB"]
[Date "1974.??.??"]
[Round "4"]
[White "Pfleger, Helmut"]
[Black "Parma, Bruno"]
[Result "1/2-1/2"]
[WhiteElo "2520"]
[BlackElo "2500"]
[EventDate "1974.03.15"]
[PlyCount "34"]

1.Nf3 c5 2.c4 Nc6 3.Nc3 Nf6 4.g3 e6 5.Bg2 d5 6.cxd5 Nxd5 7.O-O Be7 8.d4 
O-O 9.Nxd5 exd5 10.Be3 c4 11.b3 cxb3 12.axb3 Bf5 13.Ne5 Nb4 14.Bd2 Be4 15.
Rc1 Bxg2 16.Kxg2 f6 17.Bxb4 Bxb4 1/2-1/2

[Event "11th Capablanca Memorial"]
[Site "Camaguey CUB"]
[Date "1974.??.??"]
[Round "4"]
[White "Spasov, Luben"]
[Black "Cobo Arteaga, Eldis"]
[Result "1/2-1/2"]
[WhiteElo "2470"]
[BlackElo "2395"]
[EventDate "1974.03.15"]
[PlyCount "101"]

1.d4 Nf6 2.c4 c5 3.d5 g6 4.Nc3 Bg7 5.e4 d6 6.Nf3 O-O 7.Be2 e6 8.O-O Re8 9.
Nd2 Na6 10.f3 Nc7 11.a4 b6 12.Kh1 Rb8 13.Nb5 a6 14.Nxc7 Qxc7 15.dxe6 Rxe6 
16.Nb1 Bb7 17.Nc3 Rbe8 18.a5 bxa5 19.Qa4 Rb8 20.Rd1 Ne8 21.Bd2 Bc6 22.Qc2 
a4 23.Rdb1 Qb7 24.Bd1 Nc7 25.Qd3 Ree8 26.Bxa4 Ne6 27.Nd5 Bxa4 28.Rxa4 Qb3 
29.Qxb3 Rxb3 30.Rxa6 Reb8 31.h3 h5 32.f4 Rxb2 33.Rxb2 Rxb2 34.Be3 h4 35.
Rxd6 Rb1+ 36.Kh2 g5 37.Rb6 Re1 38.Bf2 Rxe4 39.fxg5 Be5+ 40.Kg1 Rxc4 41.Be3
Kg7 42.Kf2 Bd4 43.Bxd4+ Rxd4 44.Ne7 Kf8 45.Ng6+ Kg7 46.Ne7 Re4 47.Rb8 Re5 
48.Rg8+ Kh7 49.g6+ fxg6 50.Rh8+ Kg7 51.Rxh4 1/2-1/2

[Event "11th Capablanca Memorial"]
[Site "Camaguey CUB"]
[Date "1974.??.??"]
[Round "4"]
[White "Knaak, Rainer"]
[Black "Gufeld, Eduard"]
[Result "1/2-1/2"]
[WhiteElo "2475"]
[BlackElo "2500"]
[EventDate "1974.03.15"]
[PlyCount "85"]

1.d4 Nf6 2.c4 g6 3.Nc3 Bg7 4.e4 d6 5.f3 O-O 6.Be3 c6 7.Bd3 e5 8.d5 Nbd7 9.
Nge2 Nc5 10.Bc2 cxd5 11.cxd5 a5 12.a3 Ne8 13.O-O Bd7 14.b4 axb4 15.axb4 
Na6 16.Qb1 f5 17.Ba4 Nf6 18.Bxd7 Qxd7 19.Na4 Nc7 20.Nec3 fxe4 21.Nb6 Rxa1 
22.Qxa1 Qd8 23.Nxe4 Nxe4 24.fxe4 Qh4 25.Rxf8+ Bxf8 26.Qb1 Ne8 27.Nc4 Nf6 
28.Nd2 Bh6 29.Bxh6 Qxh6 30.Qe1 Kf7 31.h3 Ke7 32.Qf2 Qf8 33.Qa7 Qc8 34.Kf2 
Nh5 35.g3 Qc2 36.Qe3 Nf6 37.Ke2 Qb2 38.Qb6 Nxe4 39.Qc7+ Ke8 40.Qc8+ Kf7 
41.Qd7+ Kf8 42.Qd8+ Kf7 43.Qd7+ 1/2-1/2

[Event "11th Capablanca Memorial"]
[Site "Camaguey CUB"]
[Date "1974.??.??"]
[Round "4"]
[White "Ribli, Zoltan"]
[Black "Vasiukov, Evgeny"]
[Result "0-1"]
[WhiteElo "2525"]
[BlackElo "2560"]
[EventDate "1974.03.15"]
[PlyCount "76"]

1.c4 e5 2.Nc3 Nf6 3.Nf3 Nc6 4.g3 Bb4 5.Bg2 O-O 6.O-O e4 7.Ng5 Bxc3 8.bxc3 
Re8 9.f3 exf3 10.Nxf3 d5 11.cxd5 Qxd5 12.d4 Qh5 13.Rb1 Ne4 14.Qd3 Nd6 15.
Qd1 Bf5 16.Rb2 Be4 17.Bf4 b6 18.Bxd6 cxd6 19.Qa4 Na5 20.Nh4 Bxg2 21.Nxg2 
Qg4 22.Nf4 Rac8 23.Rb5 Re3 24.Qa3 Qd7 25.Rd5 Nc4 26.Qb4 a6 27.Rf2 Qe8 28.
Rf5 h6 29.Ng2 Re7 30.Qb1 b5 31.g4 Nd2 32.Qc1 Ne4 33.R2f3 b4 34.c4 Nc3 35.
Nf4 Rxc4 36.Qd2 Nxe2+ 37.Nxe2 Rxe2 38.Qf4 Rcc2 0-1

[Event "11th Capablanca Memorial"]
[Site "Camaguey CUB"]
[Date "1974.??.??"]
[Round "4"]
[White "Pinal Borges, Nelson"]
[Black "Andersson, Ulf"]
[Result "0-1"]
[WhiteElo "2310"]
[BlackElo "2555"]
[EventDate "1974.03.15"]
[PlyCount "102"]

1.e4 c5 2.Nf3 e6 3.d4 cxd4 4.Nxd4 Nc6 5.Nc3 Qc7 6.g3 a6 7.Bg2 d6 8.O-O Bd7
9.Nxc6 bxc6 10.Na4 Rb8 11.c4 c5 12.Nc3 Ne7 13.f4 Nc6 14.f5 Be7 15.fxe6 
Bxe6 16.Nd5 Bxd5 17.exd5 Ne5 18.Qa4+ Qd7 19.Qxd7+ Kxd7 20.b3 Bf6 21.Bb2 
Rhe8 22.Bxe5 Rxe5 23.Rae1 Rxe1 24.Rxe1 Bd4+ 25.Kf1 Be5 26.Bf3 g6 27.Kg2 h5
28.Rb1 Kc7 29.Be2 Re8 30.Bf3 Bd4 31.Rd1 Re3 32.Rd2 Rc3 33.Bd1 Rc1 34.Kf3 
Kb6 35.Ke2 Ra1 36.Kd3 Ka5 37.g4 hxg4 38.Bxg4 Kb4 39.Bc8 a5 40.Bd7 Ka3 41.
Be8 Rf1 42.Re2 Be5 43.Ba4 Rf3+ 44.Re3 Rf4 45.Re4 Rf5 46.Re2 Rh5 47.Be8 
Rh3+ 48.Re3 Rxe3+ 49.Kxe3 Kxa2 50.Ba4 Bxh2 51.Kd3 Kb2 0-1

[Event "11th Capablanca Memorial"]
[Site "Camaguey CUB"]
[Date "1974.??.??"]
[Round "5"]
[White "Gufeld, Eduard"]
[Black "Pfleger, Helmut"]
[Result "1-0"]
[WhiteElo "2500"]
[BlackElo "2520"]
[EventDate "1974.03.15"]
[PlyCount "82"]

1.e4 e5 2.Nf3 Nc6 3.Bb5 a6 4.Ba4 b5 5.Bb3 Na5 6.O-O d6 7.d4 exd4 8.Nxd4 
Bb7 9.Qe1 Nxb3 10.axb3 Be7 11.c4 Nf6 12.Nc3 bxc4 13.bxc4 O-O 14.f3 Nd7 15.
Nd5 Bf6 16.Be3 Re8 17.Qf2 Rb8 18.Rad1 Be5 19.Bc1 c5 20.Nf5 Bxd5 21.Rxd5 
Nf6 22.Rd3 Rb4 23.Qc2 Qb6 24.Rfd1 Re6 25.b3 Qb8 26.f4 Bd4+ 27.Nxd4 cxd4 
28.Ba3 Rxe4 29.Bxb4 Qxb4 30.Qd2 Qb6 31.h3 h5 32.b4 h4 33.Kh2 Qb8 34.Rxd4 
Rxd4 35.Qxd4 Qxb4 36.Qxd6 Qxc4 37.Qe5 Qc2 38.Rd8+ Kh7 39.Qe1 g5 40.Qe7 Qb3
41.fxg5 Nh5 1-0

[Event "11th Capablanca Memorial"]
[Site "Camaguey CUB"]
[Date "1974.??.??"]
[Round "5"]
[White "Cobo Arteaga, Eldis"]
[Black "Ribli, Zoltan"]
[Result "1/2-1/2"]
[WhiteElo "2395"]
[BlackElo "2525"]
[EventDate "1974.03.15"]
[PlyCount "77"]

1.Nf3 g6 2.c4 Bg7 3.Nc3 c5 4.d4 cxd4 5.Nxd4 Nc6 6.e3 Nf6 7.Be2 O-O 8.O-O 
b6 9.b3 Bb7 10.Bb2 Nxd4 11.Qxd4 d5 12.Rad1 dxc4 13.Qxc4 Qe8 14.Rd2 Rc8 15.
Qb4 Rc5 16.Rfd1 Rg5 17.Bf1 Bf3 18.Rc1 Qa8 19.g3 Ng4 20.h4 Rh5 21.Ne2 Bxb2 
22.Rxb2 g5 23.Rbc2 gxh4 24.gxh4 Rxh4 25.Ng3 e6 26.Qxf8+ Kxf8 27.Rc8+ Kg7 
28.Rxa8 Bxa8 29.Rc7 a5 30.Be2 Nf6 31.f3 Nd5 32.Ra7 Bc6 33.e4 Ne3 34.Bc4 
Kf6 35.a4 Rh6 36.Ra6 Rg6 37.Kh2 Rg8 38.Rxb6 Rc8 39.Ra6 1/2-1/2

[Event "11th Capablanca Memorial"]
[Site "Camaguey CUB"]
[Date "1974.??.??"]
[Round "5"]
[White "Garcia Martinez, Silvino"]
[Black "Rossetto, Hector Decio"]
[Result "1-0"]
[WhiteElo "2450"]
[BlackElo "2435"]
[EventDate "1974.03.15"]
[PlyCount "79"]

1.e4 g6 2.d4 Bg7 3.Nc3 d6 4.Nf3 c6 5.a4 Nf6 6.Be2 O-O 7.O-O e5 8.dxe5 dxe5
9.Qxd8 Rxd8 10.Bc4 Nbd7 11.h3 Re8 12.Be3 h6 13.a5 Bf8 14.Nd2 Kg7 15.Nb3 
Bb4 16.f3 Nf8 17.Na4 Be6 18.Bxe6 Nxe6 19.Rfd1 Be7 20.Nac5 Nxc5 21.Nxc5 
Bxc5 22.Bxc5 h5 23.h4 a6 24.Ra3 Rac8 25.Kf2 Rc7 26.Rad3 Rcc8 27.Ke2 Rc7 
28.Bb6 Rcc8 29.Kd2 Rb8 30.Kc3 Nh7 31.Rd7 Nf8 32.R7d6 Rbc8 33.Kc4 f6 34.Bd8
f5 35.Bf6+ Kf7 36.Bg5 Re6 37.Kc5 Rxd6 38.Rxd6 fxe4 39.fxe4 Ne6+ 40.Kb6 1-0

[Event "11th Capablanca Memorial"]
[Site "Camaguey CUB"]
[Date "1974.??.??"]
[Round "5"]
[White "Andersson, Ulf"]
[Black "Knaak, Rainer"]
[Result "1-0"]
[WhiteElo "2555"]
[BlackElo "2475"]
[EventDate "1974.03.15"]
[PlyCount "49"]

1.Nf3 Nf6 2.c4 b6 3.g3 Bb7 4.Bg2 c5 5.O-O g6 6.b3 Bg7 7.Bb2 O-O 8.Nc3 Ne4 
9.Qc2 Nxc3 10.Bxc3 Bxc3 11.Qxc3 d5 12.d4 cxd4 13.Qxd4 dxc4 14.Qxc4 Nc6 15.
Rfd1 Qe8 16.Qf4 Rc8 17.Rd2 Kg7 18.Rad1 Ba8 19.Ne5 Nxe5 20.Qxe5+ f6 21.Qe6 
Bxg2 22.Rd7 Rf7 23.Kxg2 Rc5 24.Rxa7 b5 25.e3 1-0

[Event "11th Capablanca Memorial"]
[Site "Camaguey CUB"]
[Date "1974.??.??"]
[Round "5"]
[White "Estevez Morales, Guillermo"]
[Black "Pinal Borges, Nelson"]
[Result "1/2-1/2"]
[WhiteElo "2345"]
[BlackElo "2310"]
[EventDate "1974.03.15"]
[PlyCount "29"]

1.d4 Nf6 2.c4 e6 3.Nf3 b6 4.g3 Bb7 5.Bg2 Be7 6.Nc3 Ne4 7.Nxe4 Bxe4 8.O-O 
O-O 9.Bf4 d5 10.Qa4 c5 11.cxd5 exd5 12.Bxb8 Qxb8 13.Ne5 Bxg2 14.Kxg2 Qb7 
15.dxc5 1/2-1/2

[Event "11th Capablanca Memorial"]
[Site "Camaguey CUB"]
[Date "1974.??.??"]
[Round "5"]
[White "Parma, Bruno"]
[Black "Spasov, Luben"]
[Result "1/2-1/2"]
[WhiteElo "2500"]
[BlackElo "2470"]
[EventDate "1974.03.15"]
[PlyCount "29"]

1.e4 c5 2.Nf3 d6 3.Nc3 Nc6 4.d4 cxd4 5.Nxd4 Nf6 6.f4 e5 7.Nf3 Be7 8.Bc4 
O-O 9.O-O a6 10.Bb3 b5 11.Kh1 Bb7 12.fxe5 Nxe5 13.Qd4 Nc6 14.Qd3 a5 15.
Nxb5 1/2-1/2